000 00301nam a2200109Ia 4500
008 220204s9999 xx 000 0 und d
082 _a331.556
_bFRA
245 0 _aMigration: Causes, correlates, consequences trends and policies
260 _aBombay
_bHimalaya
_c1987
650 _aMigration
942 _cBK
999 _c39638
_d39638